00391nam a22001217a 4500008004100000040005500041080003600096245005100132260004600183300001700229650001300246653001000259230525b |||||||| |||| 00| 0 eng d aNational Science LibrarycNational Science Library aR 331-057.86+339.1-051(545)bM8 aNew Delhi yellow pagesc/ ABI Overseas Limited aNew Delhi: bABI Overseas Limited, c1988 alxiii, 726p. aEconomic aPages